000 00264nam a22001097a 4500
008 240305b |||||||| |||| 00| 0 eng d
100 _aJagarnath, Bagli
_99029
245 _aAdvitabha Anidya
260 _bMithila vidhyapati:
_c1962.
300 _a243p.
942 _cBK
999 _c38948
_d38948